| 000 | 00439cam a2200133u 4500 | ||
|---|---|---|---|
| 082 |
_a940.548 _bBUR _cL-30, P-84 |
||
| 100 | 1 |
_aBurchett, Wilfred G., _949022 |
|
| 245 | 0 | 0 | _aWingate's phantom army, |
| 260 |
_aBombay, _bThacker & co., ltd., _c1944. |
||
| 300 |
_a4 p.l., 233 p. _bplates, ports., fold. map. _c22 cm. |
||
| 526 |
_a0 _b0 _c0 _d940_548000000000000_BUR |
||
| 650 | 0 |
_aWorld War, 1939-1945 _xCampaigns _zBurma. _937818 |
|
| 942 |
_2ddc _cBK |
||
| 999 |
_c551860 _d551860 |
||